| 000 | 01186nam a22002897a 4500 | ||
|---|---|---|---|
| 001 | 1158 | ||
| 005 | 20230808105328.0 | ||
| 008 | 230804b cb ||||| |||| 00| 0 khr d | ||
| 020 | _a9789996305948 | ||
| 040 |
_aFISKH _beng _cFISKH _dFISKH |
||
| 082 | _a634.11 | ||
| 100 | _aVanthary, Oum | ||
| 245 | _aផ្លែឈើដែលខ្ញុំចូលចិត្ត / | ||
| 246 | _aMy favorite fruits | ||
| 250 | _aបោះពុម្ភលើកទី ៥ កក្កដា ២០២២ | ||
| 260 |
_aPhnom Penh : _bSipar, _c2022. |
||
| 300 |
_a16 unnumbered pages : _bcolor illustrations ; _c17 cm |
||
| 505 | _aaa | ||
| 520 | _aកុមារតូចនិងបានរៀនអំពីពាក្យដំបូងនៃផ្លែឈើមួយចំនួនអមជាមួយរូបភាពពណ៍។ | ||
| 520 | _aBasic vocabulary of fruits with painting pictures are introduced to young children. | ||
| 521 |
_a10
_bLexile estimate |
||
| 521 |
_aaa
_bRaz-Plus |
||
| 650 |
_aផ្លែឈើ _vរូបភាព |
||
| 650 |
_aFruits _vPicutes |
||
| 700 |
_aSereyroath, Chea _cillustrator |
||
| 942 |
_2ddc _cBK _n0 |
||
| 999 |
_c1158 _d1158 |
||